000 00992cab a22002055a 4500
001 L143354
008 080429e20080425xxk f 000 0 eng d
035 _a(Sirsi) u143354
041 0 _aeng
100 1 _aNeale, Jon
245 0 0 _aMoney or your life?
260 _c2008
490 0 _aBuilding
_v273(8526) 25 April 2008, 70-73(4)
520 _aThe "Building"/PSB housebuilders' salary survey reveals a 4% average increase in house builder's salaries compared to 2007, with some sectors (such as land and planning directors in the Midlands) earning 11% more. However, such increases reflect the strong market of 12 to 24 months ago, and salaries have started to drop since the credit crunch. In this climate of insecurity, development staff are getting drawn to the registered social landlord sector with its work-life balance benefits.
590 _aKA
650 2 4 _aBUILDING/PSB HOUSEBUILDERS' SALARY SURVEY
651 4 _aEngland
_y886-
690 _aBUILT ENVIRONMENT
942 _n0
999 _c80147
_d80147